[Event "Saint Louis Blitz 2017"]
[Site "Saint Louis"]
[Date "2017.08.18"]
[Round "15"]
[White "Karjakin, Sergey"]
[Black "Caruana, Fabiano"]
[Result "1-0"]
[WhiteElo "2773"]
[BlackElo "2807"]
[Annotator "TA"]
[PlyCount "77"]
[EventDate "2017.??.??"]
[EventType "tourn"]
[EventCountry "USA"]
[SourceTitle "playchess.com"]
[Source "ChessBase"]
[SourceQuality "1"]

{[%evp 13,77,-19,-14,-20,-24,-59,-54,-59,-59,-79,-82,-91,-82,-97,-88,-84,-79,-123,-21,-139,-28,-28,60,66,54,54,48,52,68,65,56,35,29,0,68,20,46,41,37,0,0,-9,-10,-74,-74,-81,0,-4,0,0,0,-14,-12,-39,-37,-60,-57,-56,-33,-46,425,411,575,567,562,557]} 1. b3 e5 2. Bb2 Nc6 3. e3 Nf6 4. Bb5 e4 (4... Bd6 5. Na3 a6 6. Be2 Be7 7. Nc4 e4 8. d4 d5 9. Ne5 O-O 10. Nxc6 bxc6 11. c4 a5 12. Qc2 Bb4+ 13. Bc3 {1-0 (34) Vachier Lagrave,M (2796)-Anand,V (2786) Stavanger 2017}) 5. Ne2 a6 6. Bxc6 {A01: Nimzowitsch-Larsen Opening} dxc6 7. Ng3 h5 {LiveBook: 3 Games} 8. Nc3 {The position is equal.} Bg4 9. Nge2 $146 ({Predecessor:} 9. f3 exf3 10. gxf3 h4 11. Nf1 Bh5 12. Qe2 {½-½ (63) Granda Zuniga,J (2652)-Naroditsky,D (2622) Benasque 2015}) 9... Qd7 10. h3 Bf5 11. Ng3 Bg6 $1 12. h4 O-O-O 13. Qe2 Bd6 14. O-O-O Rhe8 15. Qf1 Ng4 (15... Bxg3 $17 16. fxg3 Bf5) 16. Kb1 (16. Nce2 $1 $11) 16... f6 (16... Bxg3 $1 $17 17. fxg3 f6) 17. Nce2 $1 $11 Bf7 (17... a5 $11) 18. f3 $1 $14 {[%cal Rf3g4]} exf3 19. gxf3 Nh6 20. Rg1 Be5 21. Bxe5 Rxe5 22. Nf4 Qe7 23. e4 Qa3 (23... Ra5 $11 24. Nge2 g5) 24. Nge2 g5 $1 25. hxg5 fxg5 {Threatens to win with ...Ra5.} 26. Ng2 a5 27. f4 (27. d4 $5 {[%cal Rd4e5]} Rb5 28. Rd2 $11) 27... Rc5 {( -> ...Rxc2!)} 28. Ne3 (28. Nc1 $1 $11) 28... a4 $1 $36 {[%cal Ra4b3][%mdl 2048] White is under strong pressure.} 29. Nc1 ({Don't go for} 29. fxg5 $2 axb3 30. axb3 Bxb3 $1 $19 {[%mdl 512]}) 29... axb3 ({Better is} 29... g4 $17 {White must now prevent ...axb3.} 30. d3 axb3 31. cxb3 {[#]} Rxc1+ $1 {[%mdl 512]} 32. Rxc1 Bxb3) 30. cxb3 $11 {[#]} Ng4 $1 {[%mdl 512]} 31. Nc2 $1 {[%cal Rc2a3]} (31. Nxg4 Rxc1+) 31... Qa7 32. fxg5 Bg6 {...Rxc2! is the strong threat.} 33. Qe2 Rxg5 34. d3 Qc5 35. Rdf1 Qe7 36. Ne3 Rc5 $2 {[%mdl 8192]} (36... b6 $15) 37. Nxg4 $18 hxg4 38. Qxg4+ Kb8 39. Qxg6 {Precision: White = 44%, Black = 52%.} 1-0

[Event "Saint Louis Blitz 2017"]
[Site "Saint Louis"]
[Date "2017.08.18"]
[Round "15"]
[White "Nepomniachtchi, Ian"]
[Black "Aronian, Levon"]
[Result "0-1"]
[WhiteElo "2751"]
[BlackElo "2799"]
[Annotator "TA"]
[PlyCount "106"]
[EventDate "2017.??.??"]
[EventType "tourn"]
[EventCountry "USA"]
[SourceTitle "playchess.com"]
[Source "ChessBase"]
[SourceQuality "1"]

{[%evp 17,106,0,0,0,7,0,0,-52,-24,-21,0,-8,-2,-54,0,-9,-7,-20,-25,-21,-29,-25,0,-10,3,-116,-108,-135,-137,-162,-55,-213,-64,-197,-197,-183,-131,-145,-136,-122,-139,-141,-129,-183,-181,-179,-114,-110,-105,-112,-114,-112,-107,-124,-103,-156,-156,-156,-156,-156,-156,-166,-33,-33,-33,-39,-33,-39,-39,-43,-58,-853,-699,-689,-589,-437,-34,-34,-34,-34,-34,-29982,-29982,-29984,-29984,-29984,-29985,-29986,-29987,-29987,-29986]} 1. c4 Nf6 2. Nc3 e5 3. Nf3 Nc6 4. g3 Bb4 5. Bg2 O-O 6. O-O d6 7. d3 h6 {A29: English Opening: Four Knights Variation with 4 g3} 8. Bd2 (8. Na4 Bc5 9. b3 Re8 10. Bb2 Nd4 11. e3 Nxf3+ 12. Bxf3 Bb6 13. Bg2 Ba5 14. d4 Bg4 15. Qc2 {1-0 (30) Swiercz,D (2637)-Zhigalko,S (2648) Kocaeli 2017}) 8... a5 9. Rc1 Re8 {LiveBook: 3 Games. The position is equal.} 10. a3 Bc5 11. Na4 $146 ({Predecessor:} 11. h3 e4 12. dxe4 Nxe4 13. Nxe4 Rxe4 14. e3 Re8 15. Qc2 Be6 16. Kh2 a4 {0-1 (43) Marino,F (1887)-Guerra,A (2229) Casaleone 2009}) 11... Ba7 12. c5 (12. Bc3 $11) 12... e4 13. dxe4 Nxe4 {[%cal Rd6c5]} 14. Be3 Nxc5 15. Nxc5 (15. Bxc5 $11 Bxc5 16. Nxc5 dxc5 17. e3) 15... Bxc5 (15... Rxe3 {feels hotter.} 16. fxe3 Bxc5 17. Rc3 Qe7 18. Qd3 Bd7) 16. Bxc5 dxc5 17. Qxd8 Nxd8 18. Rxc5 Rxe2 19. Rxc7 Ne6 $36 {[%mdl 2048] Black is more active.} 20. Rc4 Bd7 21. Nd4 (21. Rb1 $11 {keeps the balance.}) 21... Rxb2 $17 22. Rfc1 Rd8 23. Nf5 Bb5 ({Better is} 23... b5 $19 24. R4c2 Rxc2 25. Rxc2 Kf8) 24. R4c3 $2 (24. Rc8 $15) 24... Bd3 (24... Rdd2 $1 $19 25. Bxb7 g6) 25. Ne7+ (25. Ne3 $1 $15 Bg6 26. Nc4) 25... Kf8 $1 $19 {[%cal Rf8e7]} 26. Nd5 Bb5 (26... Nd4 $1 $19 {[%cal Rd4e2]} 27. Rc8 Ne2+ 28. Kh1 Ke8 29. Rxd8+ Kxd8) 27. Rc8 Bc6 28. Rxd8+ Nxd8 29. Ne3 Rb3 30. Nc4 (30. Bxc6 $17 Nxc6 31. a4) 30... Bxg2 31. Kxg2 {[%mdl 4096] Endgame KRN-KRN} b5 (31... a4 $1 $19 32. Rd1 Ne6) 32. Nxa5 $17 Rxa3 33. Nc6 Nxc6 34. Rxc6 {KR-KR} Ke7 35. Rb6 Rb3 36. g4 ({White should play} 36. Kf1) 36... b4 37. h4 Rb2 38. Kg3 b3 39. g5 {[#]} hxg5 (39... h5 $1 $19 {White must now prevent ...Rb1.} 40. Kf3 Rb1) 40. hxg5 $15 Rb1 {aiming for ...Kd7.} 41. Kf4 Kd7 42. Rb7+ Kc6 43. Rb8 Kc5 {Threatens to win with ...Kc4.} 44. Kf5 $2 {[%mdl 8192] [#]} (44. Rb7 $15) 44... Kc4 $1 $19 45. Rc8+ Kd3 46. Rb8 Rb2 $2 (46... Kc2 $19 47. Rc8+ Kd3 48. Rd8+ Ke2) 47. f4 $15 Rb1 {...Kc4 is the strong threat.} 48. Rb7 b2 {And now ...Kc3 would win.} 49. Rxf7 $2 {[%mdl 8192]} (49. Rb8 $15 Kc4 50. Rc8+ Kb3 51. Rb8+ Kc3 52. Rc8+ Kb3 53. Rb8+ Kc3 54. Rc8+ Kb3) 49... Rc1 {Black mates.} 50. Rb7 b1=Q 51. Rxb1 Rxb1 52. Kg6 Ke4 53. Kxg7 Kf5 {Precision: White = 25%, Black = 50%.} 0-1

[Event "Saint Louis Blitz 2017"]
[Site "Saint Louis"]
[Date "2017.08.18"]
[Round "15"]
[White "Dominguez Perez, Leinier"]
[Black "Le, Quang Liem"]
[Result "1/2-1/2"]
[WhiteElo "2739"]
[BlackElo "2739"]
[Annotator "TA"]
[PlyCount "155"]
[EventDate "2017.??.??"]
[EventType "tourn"]
[EventCountry "USA"]
[SourceTitle "playchess.com"]
[Source "ChessBase"]
[SourceQuality "1"]

{[%evp 18,155,9,8,19,20,9,1,0,18,0,6,21,4,18,16,36,21,74,28,36,27,19,10,30,0,44,45,57,0,62,56,74,72,64,63,81,64,57,61,68,54,71,24,28,32,28,0,0,0,4,0,6,2,2,0,0,0,0,0,0,0,0,0,0,0,0,0,0,0,0,0,0,0,0,0,0,0,0,0,0,0,0,0,0,0,0,0,0,0,0,0,0,0,0,0,0,0,0,0,0,0,0,0,0,0,0,0,0,0,0,0,0,0,0,0,0,0,0,0,0,-198,0,0,0,0,0,0,0,0,0,0,0,0,0,0,0,0,0,0]} 1. e4 e5 2. Nf3 Nc6 {[%cal Bb8c6,Bc6e7,Be7g6,Bg6e5][%mdl 32]} 3. Bc4 Bc5 4. O-O Nf6 5. d3 {[%cal Bd2d3,Bd3d4][%mdl 32]} O-O 6. h3 d6 7. c3 Ne7 {C54: Giuoco Piano: 4 c3 Nf6, main lines with 5 d4 and 5 d3} 8. d4 Bb6 9. Re1 Ng6 10. Bd3 {LiveBook: 32 Games} (10. a4 $5 {[%cal Ra4a5]} c6 11. dxe5 dxe5 12. Nbd2 $11) 10... c5 {[%cal Rc5d4]} 11. Be3 $146 ({Find the theoretical novelty and annotate with similar games:} 11. dxe5 dxe5 12. Na3 Qe7 13. Qc2 Nh5 14. Bg5 f6 15. Be3 {0-1 (34) Fressinet,L (2687)-Kramnik,V (2812) Paris 2016}) 11... cxd4 12. cxd4 exd4 13. Bxd4 Ne5 14. Be3 Be6 15. Nc3 Rc8 16. Bf1 h6 17. Nd4 Bd7 (17... Ba5 $11 {remains equal.}) 18. Rc1 Re8 19. a3 a6 20. Nc2 Be6 (20... Ba5 $5 {[%cal Ra5c3]}) 21. Nd4 Nc4 22. Bxc4 Rxc4 23. f3 (23. Qd3 $14 Bxd4 24. Bxd4) 23... Rc8 (23... d5 $11) 24. Qd2 $14 Nd7 25. Nxe6 Bxe3+ 26. Rxe3 Rxe6 27. Nd5 Rxc1+ 28. Qxc1 Nf6 29. Rc3 Kh7 ({Wrong is} 29... Nxd5 $2 30. Rc8 $18) 30. Nxf6+ (30. Ne3 {looks sharper.} Re7 31. Rd3 Rc7 32. Qd2 Rc6 33. g3) 30... Qxf6 $16 {[%mdl 4096] Endgame KQR-KQR} 31. Qd2 Re5 32. Rd3 Rb5 33. b4 Rb6 34. Qc3 Qg5 35. Rd5 Rc6 36. Rxg5 {[%csl Gg5][%cal Rc3g7]} Rxc3 $11 {KR-KR} 37. Rd5 Rxa3 38. Rxd6 b5 39. Rb6 f6 40. h4 h5 41. Kf2 Kg6 42. Rb7 Ra4 43. Ra7 Rxb4 44. Rxa6 Rb2+ 45. Kg3 b4 46. Rb6 b3 47. Rb7 Rb1 48. Kf4 Kh7 49. Rb5 Kg8 50. Rb7 Kh7 51. Kg3 Kg6 52. Kf4 $1 Rb2 53. Kg3 Rb1 54. Kf4 b2 55. Kg3 Kh7 56. Kh2 Kg8 57. Kg3 g5 58. hxg5 fxg5 59. e5 Kf8 60. Kh2 h4 (60... Ke8 $5 {[%cal Rh5h4]} 61. g3 Kd8 $11) 61. Rb6 Ke7 {...Kd7 is the strong threat.} (61... h3 $5) 62. e6 Kf6 (62... h3 $5) 63. Rb5 Kxe6 64. Rb8 Kd5 (64... h3 $5 65. gxh3 Ke5 $19) 65. Rb7 Kc4 {aiming for ...Kc3.} (65... h3 $5 66. gxh3 Kc4 $19) 66. Rb8 Kc3 (66... h3 $5 67. gxh3 Kc3 68. Rc8+ Kd2 $19) 67. Rc8+ $1 Kd3 68. Rd8+ Ke3 69. Rb8 $2 {[#]} (69. Re8+ $1 $11 {and White stays safe.} Kd4 70. Rb8) 69... Kf2 $2 (69... g4 $1 $19 {[%cal Rg4g3][%mdl 512] White must now prevent ...g3+.} 70. Rb3+ (70. fxg4 Kf4) 70... Kd2 71. fxg4 Kc2) 70. Rb5 {The position is equal.} h3 71. gxh3 Kxf3 {And now ...Ke3 would win.} 72. Rb3+ Ke4 {Strongly threatening ...Kd5.} 73. Kg2 Kd4 {Threatens to win with ...Kc4.} (73... g4 $5 74. hxg4 Kd5 $11) 74. Rb8 Kc3 (74... g4 $5 75. hxg4 Ke5 $11) 75. Rc8+ $1 Kd3 76. Rd8+ Kc3 77. Rc8+ Kd3 78. Rd8+ {Precision: White = 81%, Black = 58%.} 1/2-1/2

[Event "Saint Louis Blitz 2017"]
[Site "Saint Louis"]
[Date "2017.08.18"]
[Round "15"]
[White "Navara, David"]
[Black "Nakamura, Hikaru"]
[Result "0-1"]
[WhiteElo "2737"]
[BlackElo "2792"]
[Annotator "TA"]
[PlyCount "162"]
[EventDate "2017.??.??"]
[EventType "tourn"]
[EventCountry "USA"]
[SourceTitle "playchess.com"]
[Source "ChessBase"]
[SourceQuality "1"]

{[%evp 17,162,59,69,37,40,45,37,32,38,34,50,34,59,58,57,54,55,14,7,7,10,9,65,54,83,81,109,95,91,-59,-52,-52,-66,-60,-61,-63,-68,-76,-81,-84,-73,-127,-131,-140,-81,-99,-83,-75,-9,-359,-350,-357,-285,-363,-359,-345,-344,-346,-339,-294,-167,-196,-171,-193,-141,-195,-195,-203,-198,-197,-166,-155,-96,-129,-96,-153,-62,-153,-137,-139,0,-132,-62,-94,-58,-63,-58,-58,-15,-15,-12,-16,-8,-8,0,-16,-16,-53,-25,-83,-90,-81,-28,-54,-72,-215,-235,-251,-205,-5730,-5730,-2664,-1826,-1471,-1325,-11867,-8708,-4606,-297,-315,-338,-315,-315,-200,-8,-3143,-227,-29976,-29975,-29977,-29978,-29978,-29979,-29979,-29979,-29978,-29978,-29977,-29977,-29987,-29988,-29988,-29989,-29989,-29990,-29990,-29990]} 1. d4 Nf6 2. c4 g6 3. Nf3 Bg7 4. g3 O-O 5. Bg2 d6 6. Nc3 Nc6 7. O-O Bg4 8. d5 Na5 9. b3 c5 10. dxc6 {E62: King's Indian: Fianchetto: 6...c6 and Panno Variation (6...Nc6) without ...a6} (10. Bb2 a6 11. Nd2 Rb8 12. Qc2 b5 13. Rfe1 Qc7 14. Nd1 e5 15. e4 bxc4 16. bxc4 Bd7 17. Bc3 Ng4 18. f3 Nh6 19. Nf2 f5 20. f4 fxe4 21. Nfxe4 {1-0 (43) Bok,B (2592)-Markovic,M (2459) Baku 2016}) 10... bxc6 11. Bb2 Rb8 12. Qd2 {White is slightly better.} Qc7 13. Rad1 $146 (13. h3 Be6 14. Rab1 Bxc4 15. bxc4 Nxc4 16. Qc2 Rxb2 17. Rxb2 Nxb2 {0-1 (71) Navara,D (2737)-Nakamura,H (2792) Saint Louis 2017}) ({Predecessor:} 13. Rac1 h6 14. Rfd1 Rfd8 15. h3 Bf5 16. Nd4 Bd7 17. Ba3 Nb7 {½-½ (41) Stangl,M (2375)-Hernandez,G (2300) Tunja 1989}) 13... Rfd8 14. h3 Be6 15. Ba1 Nb7 16. Nd4 Bd7 17. Kh2 Nc5 18. e4 a5 19. Nc2 Be6 (19... e5 $11) 20. f4 $14 a4 21. b4 {[%cal Bb3b4,Bb4b5][%mdl 32]} Na6 22. b5 $1 Nc5 23. Nb4 (23. bxc6 $16 Bxc4 24. Rfe1) 23... Bxc4 $15 24. Nxc6 {aiming for e5.} Bxb5 25. Nxd8 Bxf1 26. Bxf1 {e5 is the strong threat.} Rxd8 27. e5 Nfe4 28. Nxe4 Nxe4 29. Qd4 ({White should play} 29. Qg2 Nc5 30. exd6 exd6 31. Bxg7 Kxg7 32. Qb2+ Kg8 33. Qd4) 29... Qc2+ $17 30. Bg2 d5 (30... Rc8 $142 {White must now prevent ...e6.} 31. Qd3 Nf2 32. Qxc2 Rxc2) 31. Qb6 Rc8 32. Rxd5 Qxa2 $40 {[%mdl 128] Black is up to no good.} (32... h5 $17 33. Qb2 Qxb2 34. Bxb2 Rc2 35. Rd8+ Kh7) 33. Rd8+ $2 {[%mdl 8192]} (33. Qb7 $1 $11 {and White stays safe.} Re8 34. Bd4) 33... Rxd8 $19 34. Qxd8+ Bf8 35. Qd4 Nd2 {( -> ...Nf3+)} 36. Qb2 Qxb2 37. Bxb2 {[%mdl 4096] Endgame KBB-KBN} e6 38. Bc3 Nc4 (38... Nb1 $142 39. Ba1 a3) 39. Be4 a3 40. Bb1 Bc5 (40... Ne3 $19 41. Ba2 h5) 41. Kg2 (41. Ba2 $17 {was necessary.} Ne3 42. Be1) 41... Ne3+ 42. Kf3 Nd5 43. Ba1 Bb4 44. Ba2 Ne7 (44... Kf8 $142 45. Bd4 Ke8) 45. g4 h5 46. Ke4 (46. Bd4 $142) 46... Kg7 (46... Bd2 $17 47. Bd4 Nc6) 47. Bb3 (47. Bd4 $15) 47... Bd2 48. Bd4 Bb4 (48... Bc1 $17 49. Bc5 Nd5) 49. Be3 {[#]} (49. Ba1 $1 $11) 49... Kf8 (49... Nd5 $1 $17 {[%mdl 512]} 50. Kf3 (50. Bxd5 exd5+) 50... Nxe3 51. Kxe3 hxg4 52. hxg4 g5 $1 {[%mdl 512]}) 50. Bf2 Nc6 51. f5 gxf5+ 52. gxf5 exf5+ 53. Kxf5 Kg7 54. Ba2 Bc3 {And now ...Nb4 would win.} 55. Bc5 Bb4 56. Be3 Be7 57. e6 f6 (57... Nb4 $5 {[%cal Rb4a2]} 58. Bd4+ Kh6 $17) 58. Bd2 (58. Bd5 $1 $11 {remains equal.} Nb4 59. Bb3) 58... Bd6 59. Bc3 Ne7+ 60. Ke4 Kg6 61. Bb1 (61. Bd2 $17) 61... f5+ 62. Kd4 Kf6 63. Ba2 $2 (63. Kd3+ Kxe6 64. Ba2+ Nd5 65. Bg7) 63... Be5+ 64. Kd3 Bxc3 65. Kxc3 {KB-KN} Ng6 66. Kb4 Nf4 67. h4 Ng6 $2 (67... Ng2 68. Kxa3 f4) 68. Kxa3 Nxh4 69. Kb4 {[#]} Ng6 $1 70. Kc5 Ne7 $2 ({Better is} 70... Kg5 $19 {Strongly threatening ...h4.} 71. Kd4 Kf6) 71. Kd6 $2 {[%mdl 8192]} (71. Kd4 $11 Ng6 72. Ke3) 71... f4 $2 (71... h4 72. Bc4 f4) 72. Bc4 $2 (72. Bd5 $19 Nxd5 73. Kxd5) 72... f3 {[%cal Bf4f3,Bf3f2][%mdl 32] Black mates.} 73. Kd7 Nf5 74. Bd3 f2 75. Bf1 h4 76. Bh3 Ne7 77. Kd6 {[#]} Ng6 $1 78. Kd7 Nf8+ 79. Kd6 {[#]} Nxe6 $1 {[%mdl 512]} 80. Bf1 (80. Bxe6 f1=Q) 80... Nf4 81. Kc5 h3 {Precision: White = 31%, Black = 42%.} 0-1

[Event "Saint Louis Blitz 2017"]
[Site "Saint Louis"]
[Date "2017.08.18"]
[Round "16"]
[White "Caruana, Fabiano"]
[Black "Nepomniachtchi, Ian"]
[Result "0-1"]
[WhiteElo "2807"]
[BlackElo "2751"]
[Annotator "TA"]
[PlyCount "76"]
[EventDate "2017.??.??"]
[EventType "tourn"]
[EventCountry "USA"]
[SourceTitle "playchess.com"]
[Source "ChessBase"]
[SourceQuality "1"]

{[%evp 10,76,36,29,45,-2,14,-6,0,-10,0,-4,85,19,26,15,16,-106,60,-18,0,-39,-38,-29,-8,-78,-70,-85,-69,-72,-85,-91,-83,-101,-103,-114,-120,-123,-91,-153,-131,-158,-136,-151,-102,-178,-197,-304,-280,-318,-334,-820,-720,-685,-532,-1422,-1415,-1329,-1428,-1336,-1327,-1228,-1220,-1093,-1093,-1086,-1086,-1079,-1060]} 1. e4 c5 2. Nc3 a6 3. Nge2 b5 4. d4 cxd4 5. Nxd4 Bb7 6. Bg5 {LiveBook: 13 Games. B28: Sicilian: 2 Nf3 a6 (O'Kelly Variation)} (6. Bd3 d6 7. Bg5 g6 8. Nd5 Bg7 9. c3 h6 10. Bh4 g5 11. Bg3 e6 12. Nb4 Nf6 13. Qe2 Qb6 14. h4 {½-½ (33) Antipov,M (2586)-Iturrizaga Bonelli,E (2671) Dubai 2017}) 6... Qc7 7. Qd2 e6 8. Bd3 {The position is equal.} Nc6 $146 ({Find the theoretical novelty and annotate with similar games:} 8... Bb4 9. O-O Bxc3 10. bxc3 f6 11. Bh4 Ne7 12. Bg3 e5 13. Nf5 Nxf5 14. exf5 Qc6 {1-0 (54) Zocher,M-Osmanodja,B Sebnitz 2002}) 9. Nxc6 Qxc6 10. O-O Ne7 {[#]} (10... h6 $11 11. Be3 Nf6) 11. Rfe1 (11. a4 $1 $16 {[%cal Ra4b5]} b4 12. Na2) 11... Ng6 12. a4 {[%cal Ra4b5]} b4 13. Nd5 (13. Na2 $11 {keeps the balance.}) 13... h6 $2 ({Black should try} 13... f6 $17 14. Nxf6+ (14. Bf4 Kf7 $17) 14... gxf6 15. Bxf6 Rg8) 14. Bf4 (14. Be3 $1 $14) 14... Nxf4 15. Qxf4 {Strongly threatening Nc7+.} Bd6 16. Qg4 Be5 17. Rab1 (17. a5 $11 {remains equal.}) 17... Qd6 $17 (17... exd5 18. exd5 Qxd5 19. Rbd1 $14) 18. Ne3 Bxh2+ 19. Kf1 Be5 20. Nc4 Qc7 21. Nxe5 Qxe5 22. Re3 h5 23. Qe2 g5 24. b3 (24. Qd2 $142) 24... Ke7 25. Rd1 h4 26. Kg1 h3 27. g3 (27. Rxh3 $17 {was necessary.} Rxh3 28. gxh3) 27... h2+ $40 {[%mdl 128] Black wants a kill.} 28. Kg2 (28. Kh1 {is the only way for White.}) 28... f5 {Hoping for ...f4.} 29. Qd2 a5 30. Be2 $2 {[#]} (30. Kh1) 30... h1=Q+ $1 {[%mdl 512] Black is clearly winning.} 31. Rxh1 Bxe4+ 32. Bf3 Rxh1 33. Kxh1 Bxf3+ (33... Qa1+ $2 34. Kg2 $17) 34. Rxf3 {KQR-KQR} Rh8+ 35. Kg2 Qa1 {[%csl Gh8][%cal Ra1h1]} 36. Qxg5+ Ke8 {[%csl Gh8][%cal Ra1h1]} 37. Qg6+ Kd8 {[%csl Gh8][%cal Ra1h1]} 38. Qg5+ Kc8 {Precision: White = 21%, Black = 52%.} 0-1

[Event "Saint Louis Blitz 2017"]
[Site "Saint Louis"]
[Date "2017.08.18"]
[Round "16"]
[White "Aronian, Levon"]
[Black "Kasparov, Garry"]
[Result "1/2-1/2"]
[WhiteElo "2799"]
[BlackElo "2812"]
[Annotator "TA"]
[PlyCount "39"]
[EventDate "2017.??.??"]
[EventType "tourn"]
[EventCountry "USA"]
[SourceTitle "playchess.com"]
[Source "ChessBase"]
[SourceQuality "1"]

{[%evp 21,39,17,28,0,26,-16,-27,-31,-7,0,-7,0,24,14,20,0,0,0,10,0]} 1. d4 Nf6 2. Nf3 g6 3. g3 Bg7 4. Bg2 O-O 5. O-O d6 6. Re1 Nbd7 7. e4 e5 8. Nc3 Re8 {B07: Pirc Defence: Miscellaneous Systems} 9. a4 a5 10. Be3 b6 11. h3 Bb7 {LiveBook: 6 Games} 12. Nh2 $146 ({Predecessor:} 12. d5 Nc5 13. Nd2 Nfd7 14. Nc4 f5 15. exf5 gxf5 16. f4 e4 17. Bd4 Bxd4+ 18. Qxd4 {1-0 (56) Carlsen,M (2881)-Guseinov,G (2613) Dubai 2014}) 12... Rb8 13. dxe5 Nxe5 14. Rb1 Nc4 {[%cal Rf6e4]} 15. Bd4 c5 16. Bxf6 $1 Bxf6 17. Qd3 (17. Bf1 $5 {[%cal Rf1c4]} d5 18. Nxd5 Bxd5 19. exd5 Rxe1 20. Qxe1 Nxb2 21. Qe4 $11) 17... Ne5 {The position is equal.} 18. Qd2 Nc4 19. Qd3 Ne5 20. Qd2 1/2-1/2

[Event "Saint Louis Blitz 2017"]
[Site "Saint Louis"]
[Date "2017.08.18"]
[Round "16"]
[White "Nakamura, Hikaru"]
[Black "Karjakin, Sergey"]
[Result "1-0"]
[WhiteElo "2792"]
[BlackElo "2773"]
[Annotator "TA"]
[PlyCount "105"]
[EventDate "2017.??.??"]
[EventType "tourn"]
[EventCountry "USA"]
[SourceTitle "playchess.com"]
[Source "ChessBase"]
[SourceQuality "1"]

{[%evp 13,105,8,21,23,35,0,-2,-3,25,34,43,11,13,22,28,13,29,4,12,0,1,-10,-10,-31,-31,-45,-16,-34,-38,-56,-28,-133,-50,-147,-135,-145,-125,-122,-120,-113,-108,-119,-128,-125,-121,-139,-139,-142,-130,-151,-148,-156,-140,-156,-120,-166,-116,-143,-143,-165,-136,-236,-156,-229,-131,-129,-122,-125,0,-148,-141,-125,-64,-65,-27,-55,356,239,525,519,668,661,1304,1250,1760,1758,1658,1635,1618,1040,979,929,954,939]} 1. c4 Nf6 2. Nc3 e5 3. Nf3 Nc6 4. g3 d5 5. cxd5 Nxd5 6. Bg2 Bc5 {A29: English Opening: Four Knights Variation with 4 g3} 7. O-O O-O {LiveBook: 7 Games} 8. Nxd5 Qxd5 {White has an edge.} 9. d3 Bb6 10. b4 e4 $146 ({Predecessor:} 10... Re8 11. Bb2 Qd6 12. b5 Nd4 13. a4 a6 14. a5 {1-0 (50) Gelfand,B (2729)-Inarkiev,E (2702) Nazran 2017}) 11. Ng5 Qd4 12. Be3 Qxb4 13. Nxe4 Bxe3 (13... Bg4 14. h3 {½-½ (34) Nakamura,H (2792)-Karjakin,S (2773) Saint Louis 2017}) 14. fxe3 Qe7 15. Qd2 Ne5 16. Rac1 c6 17. Nc5 (17. d4 $5 {[%cal Rd4e5]} Ng4 18. h3 $14) 17... Ng4 $36 {[%mdl 2048] Black has the initiative.} 18. e4 b6 19. Na4 Bb7 (19... Qd7 $5 {[%cal Rd7d4]} 20. e3 Ba6 $11) 20. d4 Rad8 21. h3 Ne5 22. e3 (22. Qc3 $11 Ng6 23. Nb2) 22... c5 (22... Ba6 $1 $17 23. Rfd1 Nc4) 23. Qc3 ({Better is} 23. Rfd1 $1 $15) 23... Ng6 $1 $17 24. d5 Ne5 25. Nb2 Ba6 26. Rf4 f6 27. Kh2 Rfe8 28. a4 Nf7 29. Nd1 Nd6 30. Nf2 Bc8 31. Qb2 Bd7 32. Qa2 h6 33. Nd3 Kh8 34. Rcf1 Bc8 35. R1f2 Ba6 36. Nb2 Qe5 37. Qb3 (37. Qa3 $17 {is a better defense.}) 37... Re7 38. Qc2 (38. Qa3 $17) 38... Rc7 (38... Rf8 $1 $19 39. Rh4 g5 40. Rxh6+ Kg7) 39. Nd1 Bc8 40. Nb2 {With the idea Nd3.} Ba6 ({Black should try} 40... c4 $17 41. Nd3 Qe7) 41. Bf1 (41. Nd1 $1 $11 {was the only way to keep the balance.}) 41... Bxf1 42. Rxf1 {Threatening Nd3.} Re8 (42... c4 $17 {White must now prevent ...g5.} 43. Nd3 cxd3 44. Qxc7 Rc8) 43. Nd3 $15 Qh5 ({Don't go for} 43... Qe7 $2 44. e5 $1 $18 {[%mdl 512]}) 44. e5 Nf7 $2 {[%mdl 8192]} (44... Rxe5 $1 $15 {keeps the upper hand.} 45. Nxe5 Qxe5) 45. d6 ({Weaker is} 45. exf6 g5 $16) 45... Rd7 $2 {[#]} (45... Rb7 {keeps fighting.}) 46. Rf5 $1 $18 {[%cal Rf5h5] White is clearly winning.} Ng5 47. h4 Qg4 {Threatens to win with ...Qh3+.} 48. hxg5 hxg5 49. Nf2 Qh5+ 50. Kg2 Kg8 51. Qc4+ Qf7 52. Qxf7+ Kxf7 53. Ng4 {Precision: White = 34%, Black = 48%.} 1-0